000 00770nam a22002417a 4500
003 BDCtgAUW
005 20260324190352.0
008 260315b enk||||| |||| 00| 0 eng d
020 _a9780719567087
040 _aBDCtgAUW
_cBDCtgAUW
_dBDCtgAUW
050 _aDS62 .M27
100 1 0 _a Mansel, Philip
_eAuthor
_933555
245 _aLevant :
_b splendour and catastrophe on the Mediterranean/
260 _aLondon:
_b John Murray,
_c 2010.
300 _a470 p.;
_c 24 cm
651 _a Mediterranean Region
_xHistory
_991283
651 _a Middle East
_xHistory
_975298
651 _a İzmir (Turkey)
_xHistory
_991284
651 _a Alexandria (Egypt)
_xHistory
_979269
651 _a Beirut (Lebanon)
_xHistory
_991285
887 _28
_aPapia Akter
942 _2lcc
_cBK
_n0
999 _c16351
_d16351
888 _28